Science Quiz

Random Science Quiz
Score 0/20 Timer 20:00
0 Plays Today
Hint % Correct
Density=mass/?volume
81.3%
Volume=Mass/?Density
80.7%
The variable in an experiment that is being testedThe independent variable
72.4%
The group in an experiment that gets the placebocontrol group
72.4%
The variable that is being measureddependent variable
70.3%
Find the mean of these numbers: 1,2,5,10,15,20,5,11,17,59.1
68.8%
Find the mode of these numbers: 1,2,5,10,15,20,5,11,17,55
67.7%
Mass= 35g, Volume= 10 cm^3; What is the density?3.5 g
66.1%
What unit do we use for mass?grams
65.6%
Will an object that has a density of 5.0g/cm^3 sink or float if placed in water?Sink
63.5%
Hint % Correct
Liquid silver has a density of 10.49 g/cm^3. Will an object that has a density of 10.50g/cm^3 sink or float?sink
63.5%
Density=25g/cm^3, Volume= 100ml; What is the mass?.25
62.5%
The density of water is 1.0 g/cm^3. If an object has a density of .95g/cm^3, will it sink or float?Float
62.5%
What instrument do we use to measure volume?graduated cylinder
58.3%
What unit do we use for volume?liters
57.3%
Find the median of these numbers: 1,2,5,10,15,20,5,11,17,57.5
56.8%
What instrument do we use to measure mass?triple beam balance
52.6%
Who threw out the first pitch in Sunday night's World Series GameGeorge W. Bush
52.1%
What instrument do we use to measure length?meter stick
51%
Density= 1.0g/cm^3, Mass=2.0g; What is the volume?2.0ml
43.2%
Remove Ads.
Support Sporcle.
Get the best of Sporcle when you Go Orange. This ad-free experience offers more features, more stats, and more fun while also helping to support Sporcle. Thank you for becoming a member.

You're not logged in!

Compare scores with friends on all Sporcle quizzes.
OR
Log In

Show Comments

Extras

Created Nov 1, 2010ReportNominate
Tags:8th, grade, Review, test

Top Quizzes Today


Score Distribution

Your Account Isn't Verified!

In order to create a playlist on Sporcle, you need to verify the email address you used during registration. Go to your Sporcle Settings to finish the process.

Report this User

Report this user for behavior that violates our Community Guidelines.

Details: